| 000 | 00446nam a2200169 a 4500 | ||
|---|---|---|---|
| 001 | 0000-9313 | ||
| 003 | ELIB.Books | ||
| 008 | 110520 1978 | ||
| 035 | _a(ELIB.Books)0000-9465 | ||
| 082 |
_a820 _bFry |
||
| 100 | _aFrydlend, Rachmiel | ||
| 245 | _aWhen being Jewish was a crime | ||
| 260 |
_bNashville: Thomas Nelson Publishers _c1978 |
||
| 650 | _aEnglish Literature | ||
| 942 |
_2ddc _cBK |
||
| 998 |
_cbat _e2011-05-20 |
||
| 999 |
_c9313 _d9313 |
||